[Event "FICGS rapid C 000040 email"]
[Site "FICGS email"]
[Date "2007.11.12"]
[Round "1"]
[White "Stevens, Kevin"]
[Black "Neil, Charles"]
[Result "0-1"]
[WhiteElo "1389"]
[BlackElo "1354"]
[PlyCount "20"]
[EventDate "2007.??.??"]
[EventType "tourn (rapid)"]
[EventRounds "4"]
[SourceTitle "Corr 2022"]
[Source "ChessBase"]
[SourceDate "2021.10.24"]
[SourceVersion "1"]
[SourceVersionDate "2021.10.24"]
[SourceQuality "1"]

1. d4 d5 2. c4 e6 3. Nc3 Nf6 4. cxd5 exd5 5. Bg5 Be7 6. Nf3 c6 7. e3 Bf5 8. Bd3 Bxd3 9. Qxd3 Nbd7 10. 0-0 0-0 0-1

[Event "FICGS class E 000067 email"]
[Site "FICGS email"]
[Date "2007.11.09"]
[Round "1"]
[White "Stevens, Kevin"]
[Black "Stoyanov, Zdravko"]
[Result "0-1"]
[WhiteElo "1389"]
[BlackElo "1233"]
[PlyCount "34"]
[EventDate "2007.??.??"]
[EventType "tourn (corr)"]
[EventRounds "5"]
[SourceTitle "Corr 2022"]
[Source "ChessBase"]
[SourceDate "2021.10.24"]
[SourceVersion "1"]
[SourceVersionDate "2021.10.24"]
[SourceQuality "1"]

1. d4 d5 2. c4 b6 3. cxd5 Qxd5 4. Nc3 Qd8 5. e4 e6 6. Nf3 h6 7. Bb5+ Bd7 8. Bxd7+ Qxd7 9. 0-0 Nf6 10. Re1 Bb4 11. a3 Bxc3 12. bxc3 0-0 13. Rb1 Rd8 14. Ne5 Qd6 15. a4 Nc6 16. Nf3 a5 17. e5 Nxe5 0-1

[Event "FICGS class E 000067 email"]
[Site "FICGS email"]
[Date "2007.11.09"]
[Round "1"]
[White "Willis, Jonathan"]
[Black "Stevens, Kevin"]
[Result "1-0"]
[WhiteElo "1500"]
[BlackElo "1389"]
[PlyCount "33"]
[EventDate "2007.??.??"]
[EventType "tourn (corr)"]
[EventRounds "5"]
[SourceTitle "Corr 2022"]
[Source "ChessBase"]
[SourceDate "2021.10.24"]
[SourceVersion "1"]
[SourceVersionDate "2021.10.24"]
[SourceQuality "1"]

1. e4 c5 2. Nc3 d6 3. g4 Nc6 4. Nd5 e6 5. Ne3 Nf6 6. Bg2 Be7 7. b3 Bd7 8. Bb2 h6 9. c4 0-0 10. Ne2 Nb4 11. 0-0 e5 12. a3 Nd3 13. Qc2 Nxb2 14. Qxb2 Nxg4 15. Nxg4 Bxg4 16. Ng3 g6 17. h3 1-0